Normal view
MARC view
- Jackson, Patrick Thaddeus
Entry Personal Name
001 - CONTROL NUMBER
- control field: 40509
003 - CONTROL NUMBER IDENTIFIER
- control field: OSt
005 - DATE AND TIME OF LATEST TRANSACTION
- control field: 20160728120818.0
008 - FIXED-LENGTH DATA ELEMENTS
- fixed length control field: 160728|| aca||aabn | a|a d
040 ## - CATALOGING SOURCE
- Original cataloging agency: OSt
100 1# - HEADING--PERSONAL NAME
- Personal name: Jackson, Patrick Thaddeus
- Dates associated with a name: 1972-
670 ## - SOURCE DATA FOUND
- Source citation: Civilizing the enemy, c2006:
- Information found: ecip t.p. (Patrick Thaddeus Jackson) dataview (b. 1972)